00300nam a2200121Ia 4500008004100000041001200041082001100053100002000064245006100084250000900145260001600154650000800170221030s9999 xx 000 0 und d aEnglish a105.23 aEhsan-ul-mir/01 0aElectronic Security alarm sysytemcShahnawaz Nabi/29 a1999 aJammuc1999 aECE